Olive Thomas : everybody's sweetheart /

Olive Thomas: Everybody's Sweetheart explores the life and death of one of the first onscreen flappers. By the time she appeared in the movie, she had completed more than seventeen films! But beneath the glitter of success, Olive had her share of tragedy and heartache. Her death under mysteriou...

Full description

Bibliographic Details
Corporate Author: Alexander Street (Firm)
Other Authors: Baker, Sarah (Screenwriter, Producer), Hicks, Andi (Screenwriter, Producer, Director)
Format: Video
Language:English
Language Notes:In English.
Published: Harrington Park, NJ : Milestone Films, 2003.
Subjects:
Online Access:Connect to this streaming video (Alexander Street Press)

MARC

Tag First Indicator Second Indicator Subfields
LEADER 00000cgm a22000003i 4500
001 in00003942513
006 m o c
007 cr |n||||||||a
007 vz |za|z|
008 170209s2003 nju058 e |o vleng d
005 20260324205641.0
035 |a (OCoLC)974353024 
035 |a (VaAlASP)ASP3373496/marc 
040 |a VaAlASP  |b eng  |e rda  |c VaAlASP  |d UtOrBLW 
043 |a n-us--- 
245 0 0 |a Olive Thomas :  |b everybody's sweetheart /  |c a Timeline Films production ; written & produced by Sarah Baker, Andi Hicks ; directed by Andi Hicks. 
246 3 3 |a Olive Thomas :  |b the most beautiful girl in the world 
264 1 |a Harrington Park, NJ :  |b Milestone Films,  |c 2003. 
300 |a 1 online resource (58 minutes) 
306 |a 005708 
336 |a two-dimensional moving image  |b tdi  |2 rdacontent 
337 |a video  |b v  |2 rdamedia 
337 |a computer  |b c  |2 rdamedia 
338 |a other  |b vz  |2 rdacarrier 
338 |a online resource  |b cr  |2 rdacarrier 
347 |a data file  |2 rda 
500 |a Title from resource description page (viewed February 09, 2017). 
511 0 |a Narrated by Rosanna Arquette. 
520 |a Olive Thomas: Everybody's Sweetheart explores the life and death of one of the first onscreen flappers. By the time she appeared in the movie, she had completed more than seventeen films! But beneath the glitter of success, Olive had her share of tragedy and heartache. Her death under mysterious circumstances in Paris just a month before her 26th birthday shocked the world. It was the very first of the Hollywood scandals soon followed by the deaths of Virginia Rappe, William Desmond Taylor and Wallace Reid. Narrated by Rosanna Arquette, this irresistible documentary features rare clips from Olive's films and interviews with director Allison Anders, Richard Ziegfeld and Daniel Selznick. The Olive Thomas Collection reveals what a great loss Olive's death was to cinema, or as producer David O. Selznick said of this tragedy, she was "a dancing sunbeam suddenly snuffed out like a candle." 
546 |a In English. 
600 1 0 |a Thomas, Olive,  |d 1898-1920.  |0 http://id.loc.gov/authorities/names/n89129743 
650 0 |a Motion picture actors and actresses  |z United States  |v Biography.  |0 http://id.loc.gov/authorities/subjects/sh2008107993 
655 7 |a Documentary films.  |2 lcgft  |0 http://id.loc.gov/authorities/genreForms/gf2011026205 
655 7 |a Feature films.  |2 lcgft  |0 http://id.loc.gov/authorities/genreForms/gf2011026247 
655 7 |a Biographical films.  |2 lcgft  |0 http://id.loc.gov/authorities/genreForms/gf2011026089 
700 1 |a Baker, Sarah,  |e screenwriter,  |e producer.  |0 http://id.loc.gov/authorities/names/n2003004593 
700 1 |a Hicks, Andi,  |e screenwriter,  |e producer,  |e director.  |0 http://id.loc.gov/authorities/names/no2009128171 
710 2 |a Alexander Street (Firm)  |0 http://id.loc.gov/authorities/names/no2017091502 
710 2 |a Timeline Films,  |e production company.  |0 http://id.loc.gov/authorities/names/nr00026331 
856 4 0 |u http://proxy.library.tamu.edu/login?url=https://www.aspresolver.com/aspresolver.asp?MARC;3373496  |z Connect to this streaming video (Alexander Street Press)  |t 0 
910 |a JMW 2017-02-10 
999 f f |s 715879b9-e4b7-39c4-917a-a0724eccb381  |i 912b918f-aeec-369b-b5a6-6bd557eb629e  |t 0 
952 f f |a Texas A&M University  |b College Station  |c Electronic Resources  |s www_evans  |d Available Online  |t 0  |h No information provided 
998 f f |t 0  |l Available Online